| Tag |
First Indicator |
Second Indicator |
Subfields |
| LEADER |
00000cam a2200000 a 4500 |
| 001 |
in00000028090 |
| 005 |
20151007055956.0 |
| 008 |
871119s1988 waua 00110 eng |
| 010 |
|
|
|a 87031520
|
| 020 |
|
|
|a 1556151160 :
|c $35.00
|
| 020 |
|
|
|a 1556151152 (pbk.) :
|c $21.95
|
| 035 |
|
|
|a (OCoLC)17200205
|
| 035 |
|
|
|9 AAB9779AM
|
| 040 |
|
|
|a DLC
|c DLC
|d TXA
|d UtOrBLW
|
| 049 |
|
|
|a TXAM
|c [A11495744]
|
| 050 |
0 |
0 |
|a QA76.76.O63
|b W65 1988
|
| 082 |
0 |
|
|a 005.4/469
|2 19
|
| 100 |
1 |
|
|a Wolverton, Van,
|d 1939-
|
| 245 |
1 |
0 |
|a Running MS-DOS /
|c by Van Wolverton.
|
| 250 |
|
|
|a 3rd ed.
|
| 264 |
|
1 |
|a Redmond, Wash. :
|b Microsoft Press,
|c [1988]
|
| 264 |
|
4 |
|c ©1988
|
| 300 |
|
|
|a xiii, 478 pages :
|b illustrations (some color) ;
|c 25 cm.
|
| 336 |
|
|
|a text
|b txt
|2 rdacontent
|
| 337 |
|
|
|a unmediated
|b n
|2 rdamedia
|
| 338 |
|
|
|a volume
|b nc
|2 rdacarrier
|
| 500 |
|
|
|a Includes index.
|
| 630 |
|
0 |
|a MS-DOS (Computer file)
|
| 630 |
|
0 |
|a PC-DOS (Computer file)
|
| 650 |
|
0 |
|a IBM Personal Computer
|x Programming.
|
| 650 |
|
0 |
|a Microcomputers
|x Programming.
|
| 999 |
|
|
|a MARS
|
| 999 |
f |
f |
|s af4f188f-a241-3fc1-8db5-c261ca641e8d
|i 29b3d1aa-6ba2-3d1a-a441-dfea85747874
|t 0
|
| 952 |
f |
f |
|p ric
|a Texas A&M University
|b Rellis Campus
|c Joint Library Facility
|d Remote Storage
|t 0
|e QA76.76.O63 W65 1988
|h Library of Congress classification
|i unmediated -- volume
|m A14811495744
|
| 998 |
f |
f |
|a QA76.76.O63 W65 1988
|t 0
|l Remote Storage
|